| 000 | 00483nam a22001817a 4500 | ||
|---|---|---|---|
| 003 | CEME | ||
| 005 | 20210628202420.0 | ||
| 008 | 210122b xxu||||| |||| 00| 0 eng d | ||
| 020 | _a81-87336-72-2 | ||
| 040 | _c. | ||
| 082 | _a515.33 SIN | ||
| 100 |
_aSingh, U.P Srivastava , R . J Siddiqui, N . H _959817 |
||
| 245 | _aDifferential calculus | ||
| 260 |
_aNEW DELHI _bDOMINANT PUBLISHER _c2000 |
||
| 300 | _aV,240 P | ||
| 650 |
_aDIFFERENTIAL CALCULUS _917599 |
||
| 942 |
_cBK _2ddc |
||
| 999 |
_c569705 _d569705 |
||